=LDR 00000nam 2200000 4500 =001 INLIS000000000036189 =005 20130612142005 =008 ***********************************Ind** =035 ##$$0010-061300000036189 =041 ##$$a Ind =082 ##$$a 721.2 =090 ##$$a 721.2, Lan w =100 ##$$a Langgeng, Agus =245 ##$$a Wall design, Agus Langgeng ; editor, Johanna Erly Widijartanti =260 ##$$a 2010 $b Jakarta =300 ##$$a 126 hlm, ilus =650 ##$$ac25 cm =850 ##$$a Dinding